[Event "5th Pontevedra Open 2017"]
[Site "Pontevedra"]
[Date "2017.08.10"]
[Round "4"]
[White "Padeiro, Jose"]
[Black "Firat, Burak"]
[Result "0-1"]
[WhiteElo "2255"]
[BlackElo "2482"]
[Annotator "TA"]
[PlyCount "230"]
[EventDate "2017.??.??"]
[EventCountry "ESP"]
[SourceTitle "playchess.com"]
[Source "ChessBase"]
[SourceQuality "1"]

{[%evp 20,230,37,23,51,0,36,22,33,22,44,48,49,46,40,41,53,53,63,32,34,25,66,39,62,28,44,32,36,16,18,27,58,33,56,63,68,72,69,45,47,41,73,58,66,71,73,68,80,52,60,43,72,64,61,53,62,56,137,133,183,0,6,0,11,0,17,3,7,0,0,0,0,0,0,0,0,0,0,0,0,0,0,0,0,0,0,0,0,0,0,0,0,0,0,0,0,0,0,-4,-4,-4,-4,-4,-4,-4,-4,-4,-4,-4,-4,-4,-4,-4,7,7,17,-4,-4,-4,0,0,0,0,20,-4,0,0,0,-4,-4,-4,-4,-4,0,-4,-4,-4,-4,-4,-4,-4,-4,-4,-4,-4,-4,-4,0,-12,-12,-12,-12,-12,32,36,37,11,9,38,104,0,0,0,0,0,0,0,0,0,0,0,0,0,0,0,0,0,0,0,0,0,0,-27,-25,-28,0,-475,-461,-458,-411,-528,-527,-493,-499,-391,-450,-418,-372,-380,-354,-781,-775,-1629,-1612,-1464,-1272,-1625,-6015,-1695,-2111,-845,0]} 1. d4 Nf6 2. c4 e6 3. Nf3 b6 4. e3 Bb7 5. Bd3 c5 6. O-O cxd4 7. exd4 Be7 8. Nc3 d6 9. Bg5 {E14: Queen's Indian: Classical Variation (4 e3)} (9. d5 e5 10. Re1 O-O 11. Rb1 Nbd7 12. b4 Ne8 13. Bc2 Rc8 14. Qe2 Ba6 15. Nd2 Bg5 16. Bb3 f5 17. Nf3 Bxc1 18. Rbxc1 {1-0 (27) Kramnik,V (2801)-Eljanov,P (2765) Stavanger 2016}) 9... Nbd7 10. Re1 O-O 11. Rc1 {LiveBook: 4 Games. White is slightly better.} Re8 12. Bf1 (12. Bf4 $14) 12... Rc8 13. b4 a6 $146 ({Predecessor:} 13... h6 14. Bh4 Nf8 15. Bg3 Nh5 16. a4 Bf6 17. Re3 {½-½ (81) Jahnel,G (2336)-Jaeger,D (2157) Germany 2011}) 14. a3 Bf8 15. Nd2 Qc7 16. Nb3 Qb8 17. Bh4 Qa8 18. f3 g6 19. Bg3 e5 20. d5 a5 21. Ra1 Ba6 22. b5 Bb7 23. Na4 Qb8 24. Bf2 Qc7 25. Be3 Bg7 26. Rc1 Nh5 27. Qd2 $36 {[%mdl 2048] White is more active.} Ra8 28. Qf2 {[%cal Ra4b6]} Nc5 29. Naxc5 dxc5 30. Rcd1 {And now d6 would win.} Bf8 31. Bc1 (31. g4 $5 {[%cal Rg4h5]} Nf4 32. Nd2 $14) 31... Bd6 32. g3 Bc8 33. Bg2 Bd7 34. Re2 Re7 35. Rde1 Rae8 36. Bb2 f5 37. Nc1 Rf8 38. Rf1 Ree8 {[#]} ({Black should play} 38... f4 $14) 39. Qe1 $1 $16 Nf6 40. Qc3 $2 ({Better is} 40. Nd3 $18) 40... e4 $1 $11 41. f4 (41. Qd2 $5 {[%cal Rf3e4]} e3 42. Rxe3 $14) 41... Rf7 42. a4 Ree7 43. Nb3 Re8 44. Nd2 Bf8 45. Rfe1 {[%cal Rg2e4]} Bg7 {[#] Threatens to win with ...Nxd5!} 46. Qc1 Ree7 47. Nf1 Ne8 48. Bxg7 Rxg7 49. Ne3 Nd6 50. Rf2 Re8 51. Ref1 Rf7 52. h3 Qd8 53. Qc3 h6 54. Kh2 Kh7 55. h4 Qe7 56. Rh1 Rf6 57. Kg1 Kg8 {[%cal Bh7g8,Bg8f8,Bf8e7,Be7d8,Bd8c8][%mdl 32]} 58. Bf1 Qg7 59. Rfh2 Kf8 60. Kf2 Ke7 61. Be2 Kd8 62. Qb2 Rg8 63. Qe5 Kc8 64. Qc3 Qe7 65. Ke1 Nf7 66. Kd2 Qd6 67. Rf1 Qe7 68. Rhf2 Nd6 69. Qe5 Qf7 70. Rh2 Re8 71. Qc3 Qg7 72. Rfh1 Re7 73. Qa1 Re8 74. Qc3 Rg8 75. Qe5 Qf8 76. Kc2 Qd8 77. Kd2 Kb7 (77... Re8 $5 {[%cal Re8e5]} 78. Qc3 Kc7 $11) 78. Kc2 Bc8 79. Kd2 Rff8 80. Kc2 Rf7 (80... Re8 $5 {[%cal Re8e5]} 81. Qc3 Qe7 $11) 81. Kd2 Rfg7 82. Kc2 Nf7 83. Qc3 Qe7 84. Rf2 Nd6 85. Qe5 Qc7 86. Qc3 g5 87. hxg5 $1 hxg5 88. Rh6 gxf4 89. gxf4 Bd7 (89... Rg6 $14 90. Rfh2 Ne8) 90. Qe5 (90. Rfh2 $16) 90... Nf7 91. Qxc7+ Kxc7 92. Rf6 Rh7 {Black wants to play ...Nd6.} 93. Nxf5 Bxf5 94. Rxf5 Rg3 95. Rh5 Rxh5 96. Bxh5 {[%mdl 4096] Endgame KRB-KRN} Nd6 97. Be2 Nf5 98. Rh2 Nd4+ 99. Kb2 Kd8 100. Bd1 Rg1 101. Bc2 (101. Be2 $5) 101... e3 {[%cal Be4e3,Be3e2][%mdl 32]} 102. Bd3 Re1 (102... Rd1 $5 {[%cal Rd1d3]} 103. Bc2 Rf1 $11) 103. f5 $2 {[%mdl 8192]} (103. Rh8+ $11 {and White has nothing to worry.} Ke7 104. Rh7+ Kd6 105. Rh6+ Kd7 106. Rxb6) 103... e2 $19 104. Rh8+ Ke7 105. f6+ Kxf6 {White must now prevent ...Rb1+!} 106. Re8 {Threatening d6.} Rd1 107. Bxe2 Rd2+ 108. Kc3 Rxe2 {KRN-KR} 109. Rb8 Re3+ 110. Kb2 $2 (110. Kd2 Ra3 111. Rxb6+ Ke5 112. Rg6) 110... Rb3+ {Black is clearly winning.} 111. Kc1 Rc3+ 112. Kd2 Rxc4 113. Rxb6+ Ke5 114. d6 Ke6 115. Ra6 Kd5 $2 {[%mdl 32768] Precision: White = 65%, Black = 64%. . Sensor Board Error (Ke4/e5)?} (115... Rxa4 $19 116. b6 Kxd6 117. b7+ Kc7) 0-1

[Event "5th Pontevedra Open 2017"]
[Site "Pontevedra"]
[Date "2017.08.10"]
[Round "4"]
[White "Vidal Fernandez, Pablo"]
[Black "Burmakin, Vladimir"]
[Result "0-1"]
[WhiteElo "2167"]
[BlackElo "2520"]
[Annotator "TA"]
[PlyCount "50"]
[EventDate "2017.??.??"]
[EventCountry "ESP"]
[SourceTitle "playchess.com"]
[Source "ChessBase"]
[SourceQuality "1"]

{[%evp 11,50,24,29,24,25,20,40,20,17,-16,0,-3,-14,-14,-7,-7,-14,-25,-8,-39,-31,-55,-51,-58,-53,-66,-48,-46,-33,-60,-50,-50,-52,-48,-51,-100,-98,-165,-160,-197,-150]} 1. e4 c6 2. d4 d5 3. e5 Bf5 4. h4 Qc8 (4... h5 5. Bd3 Bxd3 6. Qxd3 e6 7. Bg5 Be7 8. Nf3 Nh6 9. Nc3 Nf5 10. Ne2 c5 11. dxc5 Qa5+ 12. c3 Qxc5 13. Bxe7 Kxe7 14. Ned4 Nxd4 15. Nxd4 {0-1 (32) Adams,M (2761)-Svidler,P (2741) Shenzhen 2017}) 5. Ne2 h6 6. Ng3 {B12: Caro-Kann: Advance Variation} Bh7 {LiveBook: 3 Games} 7. Bd3 $146 ({Predecessor:} 7. Be3 e6 8. Nd2 Nd7 9. Nb3 Qd8 10. Be2 Ne7 11. a4 Nc8 12. a5 {0-1 (38) Gurevich,D (2455)-Agrest,E (2593) chess.com INT 2017}) 7... Bxd3 8. Qxd3 {White has an edge.} e6 9. Nd2 c5 10. dxc5 Qxc5 11. Nf3 Nd7 12. O-O Ne7 13. Re1 Rc8 14. c3 Qc4 15. Qe3 Nc6 16. b3 Qg4 17. Qf4 Qxf4 18. Bxf4 Bc5 19. Rad1 O-O 20. Re2 Ne7 21. Be3 b5 22. Kf1 Rc7 23. Ke1 Rfc8 24. Bxc5 (24. Bd2 $17) 24... Rxc5 $19 (24... Nxc5 25. Nd4 $17) 25. Nd4 a6 {Precision: White = 38%, Black = 72%.} ({Much less strong is} 25... Rxc3 26. Nxb5 R3c5 27. Nd6 $17) 0-1

[Event "5th Pontevedra Open 2017"]
[Site "Pontevedra"]
[Date "2017.08.10"]
[Round "4"]
[White "Rebole Arbea, Jose Ignacio"]
[Black "Yuffa, Daniil"]
[Result "0-1"]
[WhiteElo "2140"]
[BlackElo "2515"]
[Annotator "TA"]
[PlyCount "96"]
[EventDate "2017.??.??"]
[EventCountry "ESP"]
[SourceTitle "playchess.com"]
[Source "ChessBase"]
[SourceQuality "1"]

{[%evp 9,96,8,14,0,9,-25,-15,-17,33,35,35,-28,-41,-34,-12,-22,-18,-47,-47,-66,-44,-102,-96,-103,-104,-116,-81,-110,-80,-80,-83,-79,-67,-78,-81,-92,-79,-90,-89,-90,-88,-88,-60,-68,-74,-60,-51,-53,-50,-131,-12,-177,-175,-168,-165,-166,-157,-355,-358,-348,-340,-333,-193,-323,-314,-309,-303,-486,-469,-636,-206,-485,-504,-633,-618,-29965,-29965,-6395,-6238,-1996,-1106,-954,-1051,-1033,-1016,-29962,-29966,-6322,-5355]} 1. g3 Nf6 2. Bg2 g6 3. c4 Bg7 4. Nc3 O-O 5. e3 e6 6. Nge2 {A16: English Opening: 1...Nf6 with ...d5} d5 7. O-O (7. cxd5 exd5 8. d4 a5 9. O-O c6 10. f3 Na6 11. e4 Be6 12. e5 Nd7 13. Nf4 Nc7 14. Be3 f6 15. Nxe6 Nxe6 {½-½ (15) Galego,L (2518)-Vescovi,G (2646) Sao Paulo 2005}) 7... dxc4 8. Qa4 {The position is equal.} Bd7 $146 ({Predecessor:} 8... Nbd7 9. Qxc4 Ne5 10. Qb5 Nd3 11. Nd4 Nxc1 12. Raxc1 c6 13. Qe2 e5 {0-1 (31) Richardson,K (2227)-Hebden,M (2544) West Bromwich 2004}) 9. Qxc4 Bc6 10. b3 (10. e4 $14) 10... Bxg2 $11 11. Kxg2 Nbd7 12. Ba3 Re8 13. d4 e5 14. Na4 exd4 15. exd4 (15. Nxd4 $15 Nb6 16. Nxb6 axb6 17. Bb2) 15... Nb6 16. Nxb6 axb6 17. Bb2 Ne4 18. Qc2 h5 {[%cal Bh7h5,Bh5h4,Bh4h3][%mdl 32]} 19. Nf4 Qd7 ({Reject} 19... Bxd4 $6 20. Rfd1 $11) 20. Rfe1 Nf6 21. a4 {[#]} h4 $1 {[%mdl 512]} 22. Qc4 (22. gxh4 Qg4+) 22... g5 23. Nd3 h3+ 24. Kg1 Qf5 25. Ne5 {[#]} Ng4 $1 ({Don't play} 25... Ne4 $6 {[#]} 26. Rxe4 $1 {[%mdl 512]} Qxe4 27. Qxf7+ Kh8 28. Qh5+ Kg8 29. Qf7+ Kh8 30. Qh5+ Kg8 31. Qf7+ $11) 26. Qe2 Rad8 $40 {[%mdl 128] Black is out for blood.} 27. Qxg4 Rxe5 $1 28. Qxf5 Rxf5 29. Re7 ({White should try} 29. Rad1 $15) 29... Rf3 (29... Bxd4 $17 30. Bxd4 Rxd4 31. Rxc7 Rf3) 30. Rxc7 $2 (30. Re3 $1 $11 {and White is okay.} g4 31. Rxf3 gxf3 32. Rd1) 30... Rxb3 $19 31. Rc2 Bxd4 32. Bxd4 Rxd4 {[%mdl 4096] Endgame KRR-KRR} 33. f3 $2 (33. f4 $17 {might work better.}) 33... Rxf3 34. Rb2 Rfd3 35. Raa2 Rd6 (35... Re4 $142 {Hoping for ...Re1+.} 36. Kf2 g4) 36. Kf2 (36. Rb5 {is the only way for White.}) 36... Kg7 37. Ke2 g4 38. a5 $2 (38. Rb5 R3d4 39. Ke3) 38... R3d5 39. Ke3 b5 $2 (39... Re6+ 40. Kf4 Rd4+ 41. Kf5 Rh6) 40. Rb4 $2 (40. Kf4) 40... f5 41. Rc2 Kf6 42. Rc8 Rd3+ 43. Ke2 Rd2+ 44. Ke1 Rxh2 45. Rf8+ Kg6 {( -> ...Rdd2)} 46. Rxb5 Rh1+ 47. Ke2 h2 48. Rh8 Ra1 {Precision: White = 33%, Black = 64%.} 0-1

[Event "5th Pontevedra Open 2017"]
[Site "Pontevedra"]
[Date "2017.08.11"]
[Round "5"]
[White "Burmakin, Vladimir"]
[Black "Sousa, Andre Ventura"]
[Result "1-0"]
[WhiteElo "2520"]
[BlackElo "2385"]
[Annotator "TA"]
[PlyCount "93"]
[EventDate "2017.??.??"]
[EventCountry "ESP"]
[SourceTitle "playchess.com"]
[Source "ChessBase"]
[SourceQuality "1"]

{[%evp 22,93,20,13,37,37,59,50,68,54,58,57,56,70,63,49,93,67,64,74,66,71,85,77,79,85,91,82,168,168,193,193,356,370,366,363,427,412,507,450,1104,182,185,0,1205,948,839,197,275,259,249,261,335,336,1369,1361,1269,1243,2222,607,542,530,29972,29973,29971,29972,29983,29984,29985,29986,29988,29989,29989,29990]} 1. d4 Nf6 2. c4 e6 3. g3 d5 4. Nf3 Bb4+ 5. Bd2 Bd6 6. Bg2 c6 7. Qc2 Nbd7 8. O-O O-O 9. Bf4 Bxf4 10. gxf4 Ne4 11. e3 f5 12. Nbd2 {LiveBook: 23 Games} Nxd2 {A90: Dutch Defence: Miscellaneous and Modern Stonewall (with ...Bd6)} 13. Qxd2 b6 {[%cal Bb7b6,Bb6b5,Bb5b4][%mdl 32]} 14. cxd5 $146 ({Predecessor:} 14. Rac1 Bb7 15. Rfd1 Rc8 16. b4 Qe7 17. c5 Ba6 18. a4 Bc4 19. Qc2 bxc5 20. bxc5 {1-0 (36) Konopka,M (2479)-Ubushiev,A (2265) Pardubice 2001}) 14... cxd5 {White is slightly better.} 15. Qb4 a5 16. Qa3 b5 17. Rfc1 b4 18. Qb3 Nb6 19. Ne5 Bd7 20. a3 Ba4 21. Qd3 Nd7 22. axb4 Nxe5 23. dxe5 axb4 24. b3 Bd7 {[#]} (24... Be8 $16) 25. Bxd5 $1 $18 {[%mdl 512]} Rxa1 (25... exd5 26. Qxd5+) 26. Rxa1 exd5 $2 (26... Qe7) 27. Qxd5+ Kh8 {Hoping for ...Qc8.} 28. Rd1 Qh4 29. Qxd7 {[%mdl 4096] Endgame KQR-KQR} Qg4+ 30. Kf1 Qh3+ (30... h6 $142 31. e6 Ra8) 31. Ke2 $2 (31. Ke1) 31... Qg4+ 32. Kf1 $2 (32. Kd2 Qg2 33. Ke2) 32... Qh3+ {[#]} 33. Ke1 $1 Qxh2 34. Qc6 $2 $40 {[%mdl 128] White wants a kill.} (34. e6 {Strongly threatening e7.} Qh1+ 35. Ke2 Qh5+ 36. Kd2) 34... Qg1+ (34... h6 {was called for.} 35. Kf1 Kh7) 35. Ke2 Qg4+ 36. Qf3 Qg6 37. Rd6 Qg1 $2 (37... Qe8 38. Rb6 Qc8) 38. e6 {e7 would kill now.} Qg6 39. Qc6 Qg4+ 40. Kd2 (40. Kf1 $142 Qh4 41. Rd7) 40... Qh4 41. Ke1 h5 42. Qd7 {White mates.} Qh1+ 43. Ke2 Qe4 44. e7 Ra8 45. f3 Ra2+ 46. Rd2 Rxd2+ 47. Kxd2 {Precision: White = 67%, Black = 31%.} 1-0

[Event "5th Pontevedra Open 2017"]
[Site "Pontevedra"]
[Date "2017.08.11"]
[Round "5"]
[White "Yuffa, Daniil"]
[Black "Lillo Castany, Victor"]
[Result "1-0"]
[WhiteElo "2515"]
[BlackElo "2382"]
[Annotator "TA"]
[PlyCount "71"]
[EventDate "2017.??.??"]
[EventCountry "ESP"]
[SourceTitle "playchess.com"]
[Source "ChessBase"]
[SourceQuality "1"]

{[%evp 13,71,-1,-3,-3,6,-3,0,-8,6,-6,0,-4,10,0,22,10,27,16,18,12,30,33,31,20,35,5,24,0,24,0,0,-10,0,0,31,22,137,0,7,8,22,4,11,14,28,28,29,39,168,162,136,108,108,108,108,108,5289,537,537,537]} 1. d4 d5 2. Bf4 Nf6 3. e3 c5 4. c3 Nc6 {[%cal Bb8c6,Bc6e7,Be7d5][%mdl 32]} 5. Nd2 e6 6. Ngf3 Bd6 7. Bg3 O-O 8. Bb5 {D02: 1 d4 d5 2 Nf3 sidelines, including 2...Nf6 3 g3 and 2...Nf6 3 Bf4} Ne7 (8... Bxg3 9. hxg3 Qb6 10. a4 h6 11. O-O Ne7 12. Qb3 Qc7 13. a5 Bd7 14. Be2 Ng6 15. Qa3 c4 {1-0 (38) Carlsen,M (2832)-Caruana,F (2808) Paris 2017}) 9. Bd3 c4 10. Bc2 {The position is equal.} b5 11. e4 dxe4 12. Nxe4 Nxe4 13. Bxe4 {[#]} Nd5 $146 14. O-O Bxg3 (14... Rb8 $5) 15. hxg3 Bb7 16. Re1 h6 17. Ne5 Qc7 18. Qd2 Rfd8 19. Ng4 Qe7 20. a4 a6 (20... b4 {is interesting.} 21. Ne5 Rdc8 22. Bf3 a5 23. Bh5 Rf8) 21. Bxd5 Bxd5 22. Re5 Rab8 23. Rh5 Qf8 24. axb5 axb5 (24... Rxb5 $11 25. Rxa6 Rdb8) 25. Qf4 ({White must play} 25. Ra7 $16 Ra8 26. Rc7) 25... Rb7 26. Ne3 b4 27. Qg4 {Strongly threatening Rxh6.} Kh8 28. Nxd5 exd5 29. Ra5 $36 {[%mdl 2048] White is more active.} bxc3 30. bxc3 Rb3 {[#]} (30... Rbd7 $14) 31. Qf3 $1 $18 Re8 32. Re5 ({Don't do} 32. Raxd5 $6 Re1+ 33. Kh2 Rbb1 $14) ({But not} 32. Qxd5 $6 Rxc3 33. Ra1 Rd8 $11) 32... Rxe5 33. dxe5 {[%cal Bd4e5,Be5e6,Be6e7][%mdl 32]} d4 34. e6 dxc3 $2 {[%mdl 8192] [#]} ({Avoid the trap} 34... Rxc3 $2 35. Ra8 $18) (34... Rb1+ $16 35. Kh2 Rb8) 35. Ra8 (35. e7 $142 $1 {[%mdl 512]} Rb1+ (35... Qxe7 36. Ra8+) 36. Kh2) 35... Rb8 36. e7 $1 {Precision: White = 38%, Black = 21%.} 1-0

[Event "5th Pontevedra Open 2017"]
[Site "Pontevedra"]
[Date "2017.08.11"]
[Round "5"]
[White "Strikovic, Aleksa"]
[Black "Veiga, Jose Francisco R P "]
[Result "1-0"]
[WhiteElo "2500"]
[BlackElo "2082"]
[Annotator "TA"]
[PlyCount "87"]
[EventDate "2017.??.??"]
[EventCountry "ESP"]
[SourceTitle "playchess.com"]
[Source "ChessBase"]
[SourceQuality "1"]

{[%evp 19,87,7,12,-10,-11,-28,12,-17,-17,-17,12,0,14,17,10,20,67,38,110,100,101,95,113,106,97,-35,10,13,21,6,63,61,57,0,0,-156,108,93,100,77,88,104,114,-146,-133,-195,-205,-199,0,-33,0,0,0,0,0,0,0,0,0,0,714,732,731,715,5874,5564,5322,5314,29984,29985]} 1. g3 Nf6 2. Bg2 g6 3. e4 d6 4. d4 Bg7 5. Nc3 O-O 6. Nge2 c5 7. h3 cxd4 8. Nxd4 Nc6 9. Nde2 {B70: Sicilian Dragon: 6 g3 and 6 Be2 (without a later Be3)} (9. Be3 Nxd4 10. Bxd4 Bd7 11. Qe2 Rc8 12. O-O Bc6 13. e5 dxe5 14. Bxe5 Qb6 15. a4 Bxg2 16. Kxg2 {½-½ (16) Andreikin,D (2723)-Bok,B (2598) Minsk 2017}) 9... Rb8 10. a4 a6 {LiveBook: 27 Games} 11. Bg5 {The position is equal.} b5 12. O-O $146 ({Predecessor:} 12. axb5 axb5 13. Nd5 Nd7 14. Qc1 Re8 15. O-O b4 16. Rd1 Bb7 {½-½ (44) Matulovic,M (2428)-Sedlak,N (2447) Novi Sad 2002}) 12... h6 (12... b4 $5 {[%cal Rb4c3]} 13. Nd5 Nd7 $15) 13. Be3 (13. axb5 $5 {[%cal Rg5f6]} hxg5 14. bxc6 $11) 13... b4 14. Nd5 Kh7 (14... Nd7 {seems wilder.} 15. Rb1 Nc5 16. b3 e6 17. Ndf4 a5) 15. Qd2 Nxd5 16. exd5 Ne5 $1 {[%cal Re5c4]} 17. Bd4 Qc7 18. b3 Bf5 (18... Bf6 $14) 19. Rac1 g5 20. f4 gxf4 21. gxf4 Ng6 {[%cal Be5g6,Bg6h4,Bh4f5,Bf5g3][%mdl 32]} 22. c3 ({White should play} 22. Bxg7 $1 $16 Kxg7 23. Nd4) 22... Rg8 {Hoping for ...Nh4.} 23. Kh2 Qd7 24. Qe3 Rbe8 ({Black should try} 24... Nh4 $11 25. Rg1 bxc3 26. Rxc3 a5) 25. Bxg7 $14 Rxg7 26. Nd4 (26. cxb4 $14 e6 27. dxe6 Rxe6 28. Qf2) 26... Nh4 $36 {[%mdl 2048] White is under pressure.} 27. Be4 $2 (27. Bh1 $11) 27... Kh8 $2 {[#]} (27... Bxe4 $17 {and life is bright.} 28. Qxe4+ f5) 28. Rg1 $1 $16 {[%cal Rg1g7] Strongly threatening Rxg7.} Reg8 {White must now prevent ...Bxe4.} 29. Rxg7 Rxg7 30. Nxf5 Nxf5 31. Qd3 $2 {[%mdl 8192]} (31. Qe1 $16 {stays on course.}) 31... Qa7 $17 {( -> ...Qf2+)} 32. Qd2 (32. Qf3 $17 {is a better defense.} Nh4 33. Qe2) 32... bxc3 $19 33. Qe1 {[#]} Ng3 $2 (33... Qe3 $1 $19 {[%cal Re3f4]} 34. Qxe3 Nxe3) 34. Bg2 $15 Qd4 35. Rxc3 Nf5 (35... Nf1+ $5 36. Kh1 Rg8 $11) 36. Rc8+ Kh7 37. Be4 e6 38. Rc4 Qb2+ 39. Bc2 $1 exd5 $2 {[%mdl 8192]} (39... Rg6 $11) 40. Qc3 $18 Qxc3 41. Bxf5+ ({And not} 41. Rxc3 Kg6 $11) 41... Kh8 42. Rxc3 Rg8 43. b4 Kg7 44. Rg3+ {Precision: White = 48%, Black = 36%.} 1-0

[Event "5th Pontevedra Open 2017"]
[Site "Pontevedra"]
[Date "2017.08.11"]
[Round "5"]
[White "Oratovsky, Michael"]
[Black "Ambartsumova, Karina"]
[Result "0-1"]
[WhiteElo "2494"]
[BlackElo "2325"]
[Annotator "TA"]
[PlyCount "112"]
[EventDate "2017.??.??"]
[EventCountry "ESP"]
[SourceTitle "playchess.com"]
[Source "ChessBase"]
[SourceQuality "1"]

{[%evp 16,112,27,20,27,24,23,28,45,25,14,0,0,0,0,0,0,0,0,0,0,0,-2,-9,-14,-43,-37,-44,-26,-50,0,-26,0,0,0,-166,-164,-148,-146,-309,-301,-351,-336,-415,-382,-584,-575,-584,-568,-581,-550,-558,-570,-564,-568,-561,-543,-509,0,-545,-537,-555,-558,-549,-552,-612,-416,-603,-595,-571,-604,-577,-403,-398,-376,-448,-411,-615,-620,-620,-612,-584,-602,-609,-604,-583,-576,-633,-637,-773,-798,-919,-931,-29975,-29976,-29973,-29974,-29965,-29966]} 1. e4 c5 2. Nf3 d6 3. Bb5+ Nd7 4. O-O a6 5. Bd3 Ngf6 (5... b5 6. Re1 Bb7 7. a4 b4 8. Bc4 Ngf6 9. d3 e6 10. Nbd2 Be7 11. Nf1 O-O 12. Ng3 d5 {1-0 (50) Vachier Lagrave,M (2783)-Nepomniachtchi,I (2766) Leuven 2017}) 6. Re1 {B51: Sicilian: Moscow Variation (3 Bb5+) without 3...Bd7} g6 7. c3 Bg7 8. Bc2 O-O 9. d4 {LiveBook: 27 Games} cxd4 10. cxd4 e5 11. Nc3 b5 12. d5 $146 ({Find the theoretical novelty and annotate with similar games:} 12. dxe5 dxe5 {½-½ (38) Bratkovic,J (2186)-Tuncer,T (2279) Celje 2016}) 12... Nb6 13. Bd3 Bd7 14. a3 Rc8 15. Na2 Na4 16. Bc2 Qc7 17. Bxa4 bxa4 18. Nc3 Qc4 19. Bg5 h6 $36 {[%mdl 2048] Black has some pressure.} 20. Bh4 Rb8 {Strongly threatening ...g5.} 21. Rb1 Rfc8 22. Nd2 Qd3 23. f3 Nh5 {[%cal Bf6h5,Bh5f4,Bf4d3,Bd3b2,Bb2d1][%mdl 32]} 24. Bf2 Nf4 25. Kh1 $2 {[#]} (25. Re3 $1 $11 {and White is okay.} Qd4 26. Re1) 25... Rxb2 $3 $19 {[%mdl 512]} 26. Rxb2 {Hoping for Ncb1.} Qxc3 27. Rb7 $2 (27. Ra2 $17 {was necessary.}) 27... Nd3 28. Rf1 Bb5 29. Bg1 {White hopes to continue with Nb1.} Nb2 30. Qa1 (30. Nb1 $142 Nxd1 31. Nxc3 Nxc3 32. Rc1) 30... Qxd2 ({Weaker is} 30... Bxf1 31. Nxf1 Nd3 32. Rb1 $17) 31. Rf2 Qd1 32. Qxd1 Nxd1 33. Rd2 Rc1 34. h4 Ne3 35. Rb8+ Kh7 36. Rb7 Kg8 37. Rb8+ $1 {[#]} Bf8 $1 38. Ra2 h5 39. Kh2 Nf1+ 40. Kh3 Bd7+ 41. g4 hxg4+ 42. fxg4 Rc3+ 43. Kg2 Ne3+ 44. Bxe3 Rxe3 45. h5 Rxe4 46. h6 (46. Kf2 $142 Rf4+ 47. Ke1 Rxg4 48. hxg6) 46... Rxg4+ 47. Kf3 Rh4 48. Rd8 Bf5 49. Rb2 Rh3+ 50. Kg2 {and the idea Rbb8 leaves White hopeful.} Rb3 51. Ra2 g5 {[%cal Bg6g5,Bg5g4,Bg4g3,Bg3g2][%mdl 32]} 52. Rf2 Be4+ 53. Kh2 g4 {( -> ...Rh3+)} 54. Re2 g3+ {Black mates.} 55. Kh3 g2+ 56. Kh2 {[#]} Rh3+ $1 {[%mdl 512] Precision: White = 55%, Black = 89%.} 0-1

[Event "5th Pontevedra Open 2017"]
[Site "Pontevedra"]
[Date "2017.08.11"]
[Round "5"]
[White "Firat, Burak"]
[Black "Pap, Misa"]
[Result "1/2-1/2"]
[WhiteElo "2482"]
[BlackElo "2491"]
[Annotator "TA"]
[PlyCount "66"]
[EventDate "2017.??.??"]
[EventCountry "ESP"]
[SourceTitle "playchess.com"]
[Source "ChessBase"]
[SourceQuality "1"]

{[%evp 19,66,20,18,-18,-24,-15,0,-1,-14,-72,-35,-46,-30,-40,-37,-70,-34,-29,-22,-28,-12,-34,-26,-20,-20,-22,18,0,19,12,69,-102,19,33,164,167,164,56,62,58,141,93,350,0,0,-9,0,0,0]} 1. d4 Nf6 2. Nf3 e6 3. c4 Bb4+ 4. Nbd2 d5 5. a3 Be7 6. g3 O-O 7. Bg2 b6 8. O-O Bb7 9. cxd5 exd5 10. b4 {E16: Queen's Indian: 4 g3 Bb7 5 Bg2 Bb4+} a5 {LiveBook: 3 Games} 11. Rb1 (11. b5 c6 12. bxc6 Nxc6 13. e3 b5 14. Ne5 Bd6 15. Bb2 a4 16. Qb1 Rb8 17. Bc3 Ba8 18. Nxc6 Bxc6 {½-½ (69) Wei,Y (2728)-Yu,Y (2749) Beijing 2017}) 11... axb4 12. axb4 {[%cal Ba3b4,Bb4b5][%mdl 32] Black has an edge.} Nc6 $146 {[%cal Bb8c6,Bc6b4,Bb4a2,Ba2c3][%mdl 32]} ({Predecessor:} 12... Bc6 13. b5 Be8 14. Qc2 Ra5 15. Qd3 c5 16. bxc6 Nxc6 17. Ne5 Nb4 18. Qb3 Bb5 19. Ba3 Ra4 20. Bxb4 Bxb4 21. Nd3 Bxd3 22. Qxa4 {½-½ (22) Babu,N (2333)-Ramesh,R (2473) Kolkata 2008}) 13. b5 Nb4 14. Nh4 (14. Ne5 $11) 14... g6 15. Ndf3 Ne4 {...Nc3 is the strong threat.} 16. Qb3 Na2 17. Bb2 {[#]} Nac3 $1 {[%mdl 512]} 18. Bxc3 Ra3 19. Qb2 Nxc3 20. Rbc1 $1 {[%cal Rc1c3]} Ne4 21. Ne5 Ra5 {Hoping for ...Ba3.} 22. Qc2 Ba3 23. Qxc7 Bxc1 24. Qxb7 {aiming for Nc6.} Ra1 (24... Nc3 $11) 25. Nd3 $2 {[#]} (25. Bxe4 $14 dxe4 26. e3 (26. Qxe4 Qa8 $14)) 25... Qc8 (25... Qa8 $1 $17 {[%cal Ra8b7]} 26. Qxa8 Rfxa8 27. Nxc1 Nd2) 26. Qc6 $11 g5 (26... Qxc6 $1 $14 27. bxc6 Rc8) 27. Nf3 $18 ({Worse is} 27. Nxc1 gxh4 28. Qxd5 Nc3 $14) 27... Nc3 {[#]} 28. Kh1 ({Inferior is} 28. Nxc1 Rxc1 29. Rxc1 Nxe2+ 30. Kh1 Nxc1 $11) ({Stronger than} 28. Qxb6 Nxe2+ 29. Kh1 Qf5 $11) (28. e3 $1 $18) 28... Nxe2 $14 29. Nfe5 Nxd4 ({Better is} 29... Qxc6 $1 $14 30. bxc6 Kg7) 30. Qxb6 Bb2 $2 {[%mdl 8192]} (30... Nf5 $16 {keeps fighting.}) 31. Rxa1 $2 (31. Nxb2 $18 Rxf1+ 32. Bxf1) 31... Bxa1 $11 {The position is equal.} 32. Bxd5 {Black must now prevent Qa7.} Qh3 {[%cal Rh3f1]} 33. Bg2 Qe6 {Precision: White = 34%, Black = 27%.} 1/2-1/2